000
00351 a2200169 4500
001
171699
020
_a
85-262-2035-7
040
_c
Magnum
100
_a
Lima, Regina Drummond e
240
1
0
_a
Vovó regina
_l
por
245
1
0
_a
Vovó regina
300
_a
15
362
0
_a
1993
440
1
_a
Scipione
697
_a
LITERATURA INFANTO
942
_c
BK
999
_c
171699
_d
171699